Το χρονικό των επιστημονικών ανακαλύψεων : πώς οι επιστήμες έπλασαν τη μορφή του κόσμου και πώς ο κόσμος επηρέασε τις επιστήμες από το 4.000.000 π.Χ. μέχρι σήμερα

Saved in:
Bibliographic Details
Main Author: Asimov, Isaac, 1920-1992
Other Authors: Μπαρουξής, Γιώργος (Translator), Σταματάκης, Νικηφόρος, 1945- (Translator)
Format: Book
Language:Greek
English
Published: Ηράκλειο : Πανεπιστημιακές Εκδόσεις Κρήτης, 1992.
Series:Επιστήμη και ανθρώπινος πολιτισμός
Subjects:
Tags: Add Tag
No Tags, Be the first to tag this record!

MARC

LEADER 00000cam a2200000 i 4500
001 1/104520
008 980521s1992 gr | ||| |||| ||gre||
020 |a 9605240262 
035 |l 10104447 
035 |l 10067782 
035 |l 10030726 
035 |l 10076421 
040 |a GR-MyUa  |b gre  |e AACR2 
041 1 |a gre  |h eng 
082 7 |a 509   |2 (22) 
100 1 |a Asimov, Isaac,   |d 1920-1992. 
245 1 3 |a Το χρονικό των επιστημονικών ανακαλύψεων :   |b πώς οι επιστήμες έπλασαν τη μορφή του κόσμου και πώς ο κόσμος επηρέασε τις επιστήμες από το 4.000.000 π.Χ. μέχρι σήμερα /   |c Isaac Asimov ; απόδοση στα ελληνικά Γιώργος Μπαρουξής, Νικηφόρος Σταματάκης.  
260 |a Ηράκλειο :   |b Πανεπιστημιακές Εκδόσεις Κρήτης,   |c 1992.  
300 |a xliii, 837 σ. ;   |c 25 εκ.  
490 1 |a (Επιστήμη και ανθρώπινος πολιτισμός)  
500 |a Τίτλος πρωτοτύπου: Asimov's chronology of science and discovery.  
500 |a Το δεύτερο αντίτυπο του παραρτήματος Ρόδου αφορά την 7η έκδοση. Ποικίλες ανατυπώσεις που εμφανίζονται ως διαφορετικές εκδόσεις.  
500 |a Τα παραρτήματα Χίου, Λέσβου, Λήμνου διαθέτουν την 7η εκδ., 2005.  
500 |a Το παράρτημα Σύρου διαθέτει την 4η εκδ., 2001.  
500 |a Το παράρτημα Ρόδου διαθέτει την έκδοση του 1997.  
500 |a Το παράρτημα Σάμου διαθέτει την 6η εκδ., 2004.  
500 |a Περιλαμβάνει ευρετήρια. 
650 0 0 |a Science  |x History. 
650 0 0 |a Science  |x Social aspects. 
650 0 0 |a Inventions  |x History. 
650 0 0 |a Discoveries in science. 
650 0 |a Inventions  |x Social aspects. 
650 0 0 |a Discoveries in science  |x History. 
650 0 0 |a Chronology of science and discovery. 
700 1 |a Μπαρουξής, Γιώργος,  |e trl 
700 1 |a Σταματάκης, Νικηφόρος,   |d 1945-  |e trl 
830 0 |a Επιστήμη και ανθρώπινος πολιτισμός 
852 |a INST  |b CHIOS  |e 20100913  |h 509 ASI  |p 005200031823  |q 005200031823  |t BK  |y 0 
852 |a INST  |b LEMNOS  |e 20100202  |h 509 ASI  |p 005600000373  |q 005600000373  |t BK  |y 0 
852 |a INST  |b LESVOS  |e 20090430  |h 509 ASI  |p 005100044931  |q 005100044931  |t BK  |y 0 
852 |a INST  |b LESVOS  |e 20100319  |h 509 ASI  |p 005100046974  |q 005100046974  |t BK  |y 0 
852 |a INST  |b RHODES  |e 19980521  |h 509 ASI  |p 005400006337  |q 005400006337  |t BK  |y 0 
852 |a INST  |b RHODES  |e 20111221  |h 509 ASI  |p 005400033899  |q 005400033899  |t BK  |y 0 
852 |a INST  |b SAMOS  |e 20050222  |h 509 ASI  |p 005300025417  |q 005300025417  |t BK  |y 0 
852 |a INST  |b SYROS  |e 20011120  |h 509 ASI  |p 005500000668  |q 005500000668  |t BK  |y 0 
852 |a INST  |b SYROS  |e 20011120  |h 509 ASI  |p 005500000669  |q 005500000669  |t BK  |y 0 
852 |a INST  |b SYROS  |e 20011120  |h 509 ASI  |p 005500000670  |q 005500000670  |t BK  |y 0 
852 |a INST  |b SYROS  |e 20011120  |h 509 ASI  |p 005500000671  |q 005500000671  |t BK  |y 0 
852 |a INST  |b SYROS  |e 20011120  |h 509 ASI  |p 005500000672  |q 005500000672  |t BK  |y 0 
852 |a INST  |b SYROS  |e 20041207  |h 509 ASI  |p 005500003799  |q 005500003799  |t BK  |y 0 
901 |a BIBL1-2009-1 
901 |a BIBL1-2010-1 
901 |a BIBL2-2010-2 
901 |a BIBL5-2001-3 
901 |a BIBL-1998-2 
901 |a BIBL4-2011-3 
901 |a BIBL3-2005-1 
922 |a 4ΕΛΗ  |b 199802  |c ΚΠΣ/ΔΕ  |d EMVASIS 
922 |a 3ΕΛΗ  |b 200502  |c ΚΥΒ/ΒΙΒΛΙΟΘΗΚΗ  |d ΠΑΠΑΓΕΩΡΓΙΟΥ 
950 |a 127-2004-11-04 
970 |z 1998/05/21